000 00868nam a2200253Ia 4500
003 OSt
005 20220930092428.0
006 a|||||r|||| 00| 0
007 ta
008 220926b |||||||| |||| 00| 0 eng d
024 _a21230
037 _cTheses
040 _aCRL
_cCRL
_beng
041 _2eng
_aeng
100 _aManju Kumari Saroj
_9548739
110 _aUniversity of Delhi. Faculty of Science. Department of Chemistry
245 0 _aPhotophysical study of some indole based chalcones in homogeneous and heterogeneous media using their asborption and fluorescence spectral profiles
260 _c2014
650 _aCHEMISTRY
700 _a Prof. R. C. Rastogi Gu.
_9537217
700 _aUniversity of Delhi. Faculty of Science. Department of Chemistry
942 _cDIS
_2CC
999 _c883758
_d883758